Notable Person by City #6 - Statistics

General Stats
  • This quiz has been taken 173 times
  • The average score is 18 of 24
Answer Stats
City Profession Lifespan Famous Person % Correct
Ajaccio Emperor of average height 1769 - 1821 Napoléon Bonaparte
95%
Aberdeen, Washington lead singer of Nirvana 1967 - 1994 Kurt Cobain
89%
Thal, Austria bodybuilder, governor 1947 - Arnold Schwarzenegger
88%
Pella, Greece Macedon conqueror 356 BC - 323 BC Alexander the Great
87%
Versailles King of France 1754 - 1793 Louis XVI of France
87%
Sandringham, England Princess of Wales 1961 - 1997 Princess Diana
87%
Oxford wheelchair-bound physicist 1942 - 2018 Stephen Hawking
87%
Ferrol, Spain general, dictator 1892 - 1975 Francisco Franco
85%
Pisa astronomer, scientist 1564 - 1642 Galileo Galilei
85%
Klushino, Russia cosmonaut 1934 - 1968 Yuri Gagarin
83%
Szczecin 'Great' empress of Russia 1729 - 1796 Catherine the Great
80%
Stratford-upon-Avon bard, playwright, dramatist 1564 - 1616 William Shakespeare
80%
Portsmouth writer (Oliver Twist) 1812 - 1870 Charles Dickens
79%
Wadowice, Poland Pope 1920 - 2005 John Paul II
75%
Dijon writer (Les Misérables) 1802 - 1885 Victor Hugo
72%
Manacor, Mallorca tennis player (clay) 1986 - Rafael Nadal
69%
Ladysmith, Canada actress (Baywatch) 1967 - Pamela Anderson
65%
Saint-Rémy-de-Provence prophet, seer of future events 1503 - 1566 Nostradamus
64%
Toruń heliocentric astronomer 1473 - 1543 Nicolaus Copernicus
63%
Kirkcaldy, Scotland economist (Wealth of Nations) 1723 - 1790 Adam Smith
62%
Odense author (The Little Mermaid) 1805 - 1875 Hans Christian Andersen
61%
Madrid singer (King of Latin Pop) 1975 - Enrique Iglesias
59%
Leipzig composer (Tristan and Isolde) 1813 - 1883 Richard Wagner
49%
Vimmerby, Sweden writer (Pippi Longstocking) 1907 - 2002 Astrid Lindgren
29%
No matching quizzes found
Score Distribution
Percent of People with Each Score
Percentile by Number Answered
Your Score History
You have not taken this quiz